kku e-library facility

Cisco Certified Network Associate: Study Guide (Record no. 122)

MARC details
000 -LEADER
fixed length control field 00416nam a22001457a 4500
005 - DATE AND TIME OF LATEST TRANSACTION
control field 20260116093526.0
008 - FIXED-LENGTH DATA ELEMENTS--GENERAL INFORMATION
fixed length control field 260116b |||||||| |||| 00| 0 eng d
020 ## - INTERNATIONAL STANDARD BOOK NUMBER
International Standard Book Number 9788126531257
100 ## - MAIN ENTRY--PERSONAL NAME
Personal name Lammle Todd
245 ## - TITLE STATEMENT
Title Cisco Certified Network Associate: Study Guide
Statement of responsibility, etc. /Todd Lammle
250 ## - EDITION STATEMENT
Edition statement 7th ed
260 ## - PUBLICATION, DISTRIBUTION, ETC.
Place of publication, distribution, etc. New Delhi;
Name of publisher, distributor, etc. Wiley Publishing, inc;
Date of publication, distribution, etc. 2011
300 ## - PHYSICAL DESCRIPTION
Extent xxxii; 822p.:
Dimensions 23cm.
Accompanying material CD
942 ## - ADDED ENTRY ELEMENTS (KOHA)
Source of classification or shelving scheme Library of Congress Classification
Koha item type Books
Suppress in OPAC No

No items available.

©2025 All rights reserved. KKU